000 00592cam a2200181 4500
001 ABS61095
008 000000n1999 000 0 eng u
035 _a(Sirsi) u101644
100 _aSmith, J.
245 _aProblem proven.
260 _c1999
490 _aHouse Builder
_v58(7) August 1999, 24-25(2)
520 _aThe National Land Use Databank highlights regional differences in meeting the government's target of achieving 60% of development on brownfield sites. Map.
650 _aBROWNFIELD SITES
650 _aHOUSING
690 _aPROPERTY-PROPERTY DEVELOPMENT
942 _n0
999 _c60772
_d60772